MLB American League Best Team Record Managers - Statistics

General Stats
  • This quiz has been taken 8 times
    2 since last reset
  • The average score is 78 of 125
Answer Stats
Year Team Manager % Correct
2024 New York Yankees Aaron Boone
100%
2019 Houston Astros A. J. Hinch
100%
2018 Boston Red Sox Alex Cora
100%
2023 Baltimore Orioles Brandon Hyde
100%
1994 New York Yankees Buck Showalter
100%
2022 Houston Astros Dusty Baker
100%
2016 Texas Rangers Jeff Banister
100%
2012 New York Yankees Joe Girardi
100%
2011 New York Yankees Joe Girardi
100%
2009 New York Yankees Joe Girardi
100%
2010 Tampa Bay Rays Joe Maddon
100%
2006 New York Yankees Joe Torre
100%
2004 New York Yankees Joe Torre
100%
2003 New York Yankees Joe Torre
100%
2002 New York Yankees Joe Torre
100%
1999 New York Yankees Joe Torre
100%
1998 New York Yankees Joe Torre
100%
2013 Boston Red Sox John Farrell
100%
2025 Toronto Blue Jays John Schneider
100%
2021 Tampa Bay Rays Kevin Cash
100%
2020 Tampa Bay Rays Kevin Cash
100%
2001 Seattle Mariners Lou Piniella
100%
2014 Los Angeles Angels of Anaheim Mike Scioscia
100%
2008 Los Angeles Angels of Anaheim Mike Scioscia
100%
2015 Kansas City Royals Ned Yost
100%
2005 Chicago White Sox Ozzie Guillén
100%
2017 Cleveland Indians Terry Francona
100%
2007 Boston Red Sox Terry Francona
100%
1991 Minnesota Twins Tom Kelly
100%
1992 Oakland Athletics Tony La Russa
100%
1990 Oakland Athletics Tony La Russa
100%
1989 Oakland Athletics Tony La Russa
100%
1988 Oakland Athletics Tony La Russa
100%
1959 Chicago White Sox Al López
50%
1954 Cleveland Indians Al López
50%
1975 Oakland Athletics Alvin Dark
50%
1916 Boston Red Sox Bill Carrigan
50%
1915 Boston Red Sox Bill Carrigan
50%
1981 Oakland Athletics Billy Martin
50%
1978 New York Yankees Billy Martin
50%
1976 New York Yankees Billy Martin
50%
1985 Toronto Blue Jays Bobby Cox
50%
1947 New York Yankees Bucky Harris
50%
1925 Washington Senators Bucky Harris
50%
1924 Washington Senators Bucky Harris
50%
1960 New York Yankees Casey Stengel
50%
1958 New York Yankees Casey Stengel
50%
1957 New York Yankees Casey Stengel
50%
1956 New York Yankees Casey Stengel
50%
1955 New York Yankees Casey Stengel
50%
1953 New York Yankees Casey Stengel
50%
1952 New York Yankees Casey Stengel
50%
1951 New York Yankees Casey Stengel
50%
1950 New York Yankees Casey Stengel
50%
1949 New York Yankees Casey Stengel
50%
1993 Toronto Blue Jays Cito Gaston
50%
1992 Toronto Blue Jays Cito Gaston
50%
1931 Philadelphia Athletics Connie Mack
50%
1930 Philadelphia Athletics Connie Mack
50%
1929 Philadelphia Athletics Connie Mack
50%
1914 Philadelphia Athletics Connie Mack
50%
1913 Philadelphia Athletics Connie Mack
50%
1911 Philadelphia Athletics Connie Mack
50%
1910 Philadelphia Athletics Connie Mack
50%
1905 Philadelphia Athletics Connie Mack
50%
1997 Baltimore Orioles Davey Johnson
50%
1972 Oakland Athletics Dick Williams
50%
1967 Boston Red Sox Dick Williams
50%
1979 Baltimore Orioles Earl Weaver
50%
1974 Baltimore Orioles Earl Weaver
50%
1973 Baltimore Orioles Earl Weaver
50%
1971 Baltimore Orioles Earl Weaver
50%
1970 Baltimore Orioles Earl Weaver
50%
1969 Baltimore Orioles Earl Weaver
50%
1918 Boston Red Sox Ed Barrow
50%
2007 Cleveland Indians Eric Wedge
50%
1906 Chicago White Sox Fielder Jones
50%
1966 Baltimore Orioles Hank Bauer
50%
1982 Milwaukee Brewers Harvey Kuenn
50%
1909 Detroit Tigers Hughie Jennings
50%
1908 Detroit Tigers Hughie Jennings
50%
1907 Detroit Tigers Hughie Jennings
50%
1912 Boston Red Sox Jake Stahl
50%
2000 Chicago White Sox Jerry Manuel
50%
1904 Boston Americans Jimmy Collins
50%
1903 Boston Americans Jimmy Collins
50%
1946 Boston Red Sox Joe Cronin
50%
1933 Washington Senators Joe Cronin
50%
1943 New York Yankees Joe McCarthy
50%
1942 New York Yankees Joe McCarthy
50%
1941 New York Yankees Joe McCarthy
50%
1939 New York Yankees Joe McCarthy
50%
1938 New York Yankees Joe McCarthy
50%
1937 New York Yankees Joe McCarthy
50%
1936 New York Yankees Joe McCarthy
50%
1932 New York Yankees Joe McCarthy
50%
1986 Boston Red Sox John McNamar
50%
1919 Chicago White Sox Kid Gleason
50%
1948 Cleveland Indians Lou Boudreau
50%
1944 St. Louis Browns Luke Sewell
50%
1968 Detroit Tigers Mayo Smith
50%
1935 Detroit Tigers Mickey Cochrane
50%
1934 Detroit Tigers Mickey Cochrane
50%
1996 Cleveland Indians Mike Hargrove
50%
1995 Cleveland Indians Mike Hargrove
50%
1928 New York Yankees Miller Huggins
50%
1927 New York Yankees Miller Huggins
50%
1926 New York Yankees Miller Huggins
50%
1923 New York Yankees Miller Huggins
50%
1922 New York Yankees Miller Huggins
50%
1921 New York Yankees Miller Huggins
50%
1917 Chicago White Sox Pants Rowland
50%
1963 New York Yankees Ralph Houk
50%
1962 New York Yankees Ralph Houk
50%
1961 New York Yankees Ralph Houk
50%
1987 Detroit Tigers Sparky Anderson
50%
1984 Detroit Tigers Sparky Anderson
50%
1945 Detroit Tigers Steve O'Neill
50%
1983 Chicago White Sox Tony La Russa
50%
1920 Cleveland Indians Tris Speaker
50%
1977 Kansas City Royals Whitey Herzog
50%
1964 New York Yankees Yogi Berra
50%
1940 Detroit Tigers Del Baker
0%
1980 New York Yankees Dick Howser
0%
1965 Minnesota Twins Sam Mele
0%
No matching quizzes found
Score Distribution
Percent of People with Each Score
Percentile by Number Answered
Your Score History
You have not taken this quiz since the last reset